000
00284nam a22001337a 4500
008
180307b xxu||||| |||| 00| 0 eng d
020
_a
9780972741453
041
_a
eng
080
_a
658
100
_a
54
101
_a
man
245
_a
management module
_c
umar.a
942
_2
udc
_c
BK
999
_c
44315
_d
44315